Quiz o historii czy coś takiego - Statystyki

Ogólne statystyki
  • Ten quiz został rozwiązany 11 razy
  • Średni wynik to 9 z 10
Statystyki odpowiedzi
Zagadnienie Odpowiedź % Poprawnych
Kiedy wybuchła II wojna światowa? 1.09.1939
100%
Kiedy zaczęła się I wojna światowa? 28.07.1914
100%
Jak nazywał się Pan z wąsem który najechał Polskę? Adolf Hitler
100%
Co znaczy skrót PZPR? Polska Zjednoczona Partia Robotnicza
100%
Kto był pierwszym królem Polski? Bolesław Chrobry
91%
Kto były pierwszym prezydentem Stanów Zjednoczonych? George Washintgon
91%
Ojciec bomby atomowej Robert Oppenheimer
82%
Które z podanych dwóch państw zaatakowało kolonie Brytyjskie w 1940 r. w północnej Afryce? Włochy
82%
W którym roku Rzymski Cesarz Neron podpalił Rzym? 64 r. n.e
73%
Kiedy zakończyła się II wojna światowa? 8.05.1945
73%
Nie znaleziono quizów pasujących do podanych kryteriów
Rozkład punktacji
Procent ludzi z każdym wynikiem
Percentyl według liczby udzielonych odpowiedzi
Twoja historia wyników
Nie rozwiązałeś tego quizu